MARC

LEADER 00000nam0a2200000 4500
001 121565
005 20231101215704.0
035 |a (RuTPU)RU\TPU\book\131652 
090 |a 121565 
100 |a 20070917d1980 k y0rusy5003 ca 
101 0 |a rus 
102 |a UA 
105 |a a z 001zy 
200 1 |a Аргиллиты в промышленности строительных материалов Украины  |e [монография]  |f Я. И. Сидорович, К. Ф. Копачинский  |g Академия наук Украинской ССР, Институт геологии и геохимии горючих ископаемых 
210 |a Киев  |c Наукова думка  |d 1980 
215 |a 70 с.  |c ил. 
320 |a Библиогр.: с. 65-68 
606 1 |a Аргиллиты  |x Строительные материалы  |2 stltpush  |3 (RuTPU)RU\TPU\subj\29327  |9 52687 
610 0 |a проявления 
610 0 |a геологическая изученность 
610 0 |a техническая характеристика 
610 0 |a залежи нефти 
610 0 |a сырьевая база 
610 0 |a вспученные материалы 
610 0 |a производство 
610 0 |a глиняные кирпичи 
610 0 |a сырьевые добавки 
610 0 |a портландцемент 
610 0 |a глинистые компоненты 
610 0 |a рубероид 
610 0 |a покровная масса 
610 0 |a асфальтобетон 
610 0 |a битуминозные породы 
610 0 |a использование 
610 0 |a монографии 
675 |a 691.21  |z rus  |v 4 
700 1 |a Сидорович  |b Я. И.  |g Ярослав Иосифович 
701 1 |a Копачинский  |b К. Ф.  |g Казимир Францевич 
712 0 2 |a Академия наук Украинской ССР  |b Институт геологии и геохимии горючих ископаемых  |2 stltpush  |3 (RuTPU)RU\TPU\col\11474  |9 25115 
801 0 |a RU  |b 63413507  |c 19950704  |g psbo 
801 1 |a RU  |b 63413507  |c 20070917  |g PSBO 
801 2 |a RU  |b 63413507  |c 20201221  |g RCR 
942 |c BK